000 00855nam a2200229 a 4500
001 74123
003 BD-RjUL
005 20211209082510.0
008 180304s2011 bg ||||| |||| 000 0 ben d
020 _a9789842001628
_cTk. 300.00
035 _a(BD-RjUL)74341
040 _aBD-RjUL
_beng
_cBD-RjUL
041 _aben
082 _223
_a891.444
_bSIB 2011
245 0 _aবাংলা প্রবন্ধ পরিচয় /
_cসম্পাদক ; জিল্লুর রহমান সিদ্দিকী
260 _aঢাকা :
_bঅ্যাডন পাব ,
_c২০১১
300 _a২২২ পৃ. ;
_c২২ সেমি.
650 _aবাংলা প্রবন্ধ
_9220358
650 _aBengali Eassy
_9220359
700 _aসিদ্দিকী, জিল্লুর রহমান
_9220360
942 _2ddc
_cBK
999 _c74123
_d74123